000
00299nam a2200121Ia 4500
008
241002s9999 xx 000 0 und d
082
_a
341.2422 FER
100
_a
Ferris, Paul
245
0
_a
Man and money Financial to Humanism
260
_a
London:
_c
1970
600
_a
Social Sciences
942
_c
UC
999
_c
18733
_d
18733